000 02081cam a2200241zi 4500
001 17606783
005 20250616124143.0
008 240106t20242024enka b 001 0 eng d
020 _a9781399623766
035 _a(NhCcYBP)om4696346400
035 _a17606783
040 _aNhCcYBP
_beng
_erda
_cNhCcYBP
041 _aeng
050 4 _aGT596
_b.S56 2024
100 _aSims, Josh
_eauthor.
_0http://id.loc.gov/authorities/names/no00026953
_1https://id.oclc.org/worldcat/entity/E39PCjCcwwBhXRGRXwGG3wYfD3
_923724
245 1 0 _aIcons of style
_b: in 100 garments
_c/ Josh Sims.
264 1 _aLondon :
_bLaurence King, an imprint of the Orion Group Publishing Group Ltd.,
_c2024.
264 4 _c©2024
300 _a368 pages :
_billustrations (chiefly color) ;
_c26 cm
520 _aBehind nearly every item in the modern wardrobe is a 'first of its kind' - the definitive item, often designed by a single company or brand for specialist use, on which all subsequent versions have been based (and originals of which are now collector items in the booming vintage market). The T-shirt, for example, may now be an innocuous, everyday item, but was created by American company Hanes for US Navy personnel at the turn of the 20th century and was subsequently adopted by sportsmen and bikers. Other items have been designed for sport, farm work or protection, and made their way into everyday usage. Icons of Style examines, garment by garment, the most important and famous of these products - their provenance and history, the stories of their design, the brand/company that started it all and how the item shaped the way we all dress today. As traditional definitions of men's and women's clothes are fast changing, this book combines all key garments for everyone. Inspiring images of the best examples of the garment - from the 1930s to contemporary times, from Marlene Dietrich to Mick Jagger - show the timeless beauty of these garments that are the basics of the stylish.
650 0 _aFashion
_xHistory
_0http://id.loc.gov/authorities/subjects/sh2008103592
_99682
942 _2lcc
999 _c4735
_d4735